000 00650cam a2200157 4500
008 050225s1998 mx 000 0 spa u
020 _a9686255133
035 _aa444420
050 0 0 _aHD4485 .M4
_bB37 1998
245 0 0 _aBasura y metrópoli :
_bgestión pública de los residuos sólidos municipales en la zona metropolitana de Guadalajara /
_cGerardo Bernache Pérez...[et al.].
250 _a1a ed.
260 _aGuadalajara, Jal., Mex. :
_bUniversidad de Guadalajara :
_bCIESAS :
_bITESO :
_bEl Colegio de Jalisco,
_c1998.
300 _a238 p. ;
_c21 cm.
650 0 _aBasuras y aprovechamiento de basuras
_zGuadalajara, Jalisco
942 _2lcc
_cLIB
999 _c66329
_d66329